00997cam a22002291i 4500001001300000003000400013005001700017008004100034010001700075035001900092040001900111050001800130100003400148245018900182260004900371300002500420490005600445500015400501500004700655650004800702999001700750e 31000902 DLC20260227111221.0791220s1931 dcu 000 0 eng  ae 31000902  a(OCoLC)5815901 aDLCcPLhSdDLC00aZ1361.N39bC21 aCaliver, Ambrose,d1894-1962.10aBibliography on education of the Negro comprising publications from January, 1928 to December, 1930. /cCompiled by Ambrose Caliver, specialist in the education of Negroes, and others. aWashington :bU.S. Govt. Print. Off.,c1931. aiii, 34 p. ;c23 cm.0 aU.S. Office of education. Bulletin, 1931,vno. 17 aAt head of title: United States. Department of the interior. Ray Lyman Wilbur, secretary. Office of education. William John Cooper, commissioner. aClassified, with author and subject index. 0aAfrican AmericansxEducationvBibliography. c21159d21159